000 00618nam a2200229Ia 4500
003 OSt
005 20220912151541.0
006 a|||||r|||| 00| 0
007 ta
008 220909b |||||||| |||| 00| 0 eng d
024 _a32170
037 _cTextual
040 _aCSL
_beng
_cCSL
041 _aeng
082 _aD65,8(B)2obC5:22p1,N80, M0
111 _aFirst scandinavian confrence on image analysis (1980 : Lund)
245 0 _aProceeding on image analysis
260 _c1980
300 _a388p.
_ccm.
942 _hD65,8(B)2obC5:22p1,N80, M0
_cTEXL
_2CC
999 _c71047
_d71047